| 000 | 00636nam a2200181 i 4500 | ||
|---|---|---|---|
| 001 | 42411 | ||
| 003 | ES-MaACL | ||
| 005 | 20230906160614.0 | ||
| 007 | t| | ||
| 008 | 030313s1970 sp ||||1| spa d | ||
| 100 | 1 |
_aCarbón, Damián. _935028 |
|
| 245 | 1 | 0 |
_aLibro del arte de las comadres o madrinas y del regimiento de las preñadas y paridas y de los niños... / _cDamián Carbón. Mallorca. 1541 ; prólogo, Pedro Lain Entralgo. |
| 260 |
_a[Madrid? : _bs.n., _c1970] |
||
| 300 |
_a120 f. : _bil. ; _c22 cm. |
||
| 700 | 1 |
_aLaín Entralgo, Pedro, _d1908-2001 _969681 |
|
| 852 |
_aES-MaACL _jC-45653 _bR.80150 |
||
| 999 |
_c42411 _d42411 |
||